Alexandrie médiévale. 4. /

محفوظ في:

المؤلف الرئيسي: Décobert, Christian (مؤلف)

مؤلفون آخرون: Empereur, J.-Y., Picard, Christophe.

التنسيق: كتاب

اللغة: French

منشور في: Alexandrie : Centre d'études alexandrines, 2012.

سلاسل: Etudes Alexandrines ; 24.
EtAlex ; 24.

الموضوعات:

الوسوم: إضافة وسم

لا توجد وسوم, كن أول من يضع وسما على هذه التسجيلة!

رقم الطلب: DT73 .A4 E88 v.24

LEADER 01078nam a22003137a 4500
003 OSt
005 20251201133809.0
008 251201t2012 ua g 100 0 fre d
020 |a 9782111286146 
040 |c ARCE Library 
041 0 |a fre  |b eng  |b fre  |b ara 
043 |a f-ua--- 
050 1 4 |a DT73 .A4  |b E88 v.24 
100 1 |a Décobert, Christian,  |e author  |9 28827 
245 1 0 |a Alexandrie médiévale.   |n 4. /   |c édité par Christian Décobert, Jean-Yves Empereur et Christophe Picard. 
264 1 |a Alexandrie :   |b Centre d'études alexandrines,   |c 2012. 
300 |a 263 pages ;   |c 29 cm. 
490 1 |a Etudes Alexandrines ;   |v 24. 
490 1 |a EtAlex ;   |v 24. 
546 |a In French ; summaries in English, French, and Arabic. 
650 0 |a Excavations (Archaeology)  |z Egypt  |z Alexandria  |v Congresses. 
651 0 |a Alexandria (Egypt)  |x History  |v Congresses. 
700 1 |a Empereur, J.-Y.  |q (Jean-Yves).  |9 29607 
700 1 |a Picard, Christophe. 
830 0 |a Etudes Alexandrines ;   |v 24. 
830 0 |a EtAlex ;   |v 24. 
901 |a reviewed 
942 |c BK  |2 lcc 
999 |c 27854  |d 27854